[Event "44th Pan-American U20"]
[Site "Cochabamba BOL"]
[Date "2019.08.05"]
[Round "7.15"]
[White "Flores Quillas, Diego Saul Rodri"]
[Black "Castellanos Villela, Alejandro"]
[Result "1-0"]
[WhiteElo "2163"]
[BlackElo "1985"]
[EventDate "2019.08.01"]
[PlyCount "89"]

1.e4 c5 2.Nf3 d6 3.d4 cxd4 4.Nxd4 Nf6 5.f3 Nc6 6.c4 e6 7.Nc3 Be7 8.Be3 O-O
9.Qd2 d5 10.exd5 exd5 11.O-O-O Ne5 12.cxd5 Nxd5 13.Ndb5 Nb6 14.Qe1 Ned7 
15.Qg3 f5 16.h4 Bf6 17.Bf4 Qe7 18.Re1 Qf7 19.Nd6 Qh5 20.Bd3 Nc5 21.Bc2 Bd7
22.Qf2 Nba4 23.Nxa4 Nxa4 24.Bb3+ Kh8 25.Re2 b6 26.Kb1 Nc5 27.Bd5 Rad8 28.
Qe3 Bb5 29.Rd2 Ba6 30.g3 h6 31.Rhd1 Rd7 32.Qa3 Bc8 33.b4 Nb7 34.Nxc8 Rxc8 
35.Qxa7 Nc5 36.Qa3 Nb7 37.Qe3 Nd6 38.Qe2 Re7 39.Qf1 Be5 40.Bxe5 Rxe5 41.
Bb3 Nb5 42.Rd8+ Rxd8 43.Rxd8+ Kh7 44.Bg8+ Kg6 45.Qxb5 1-0

[Event "44th Pan-American U20"]
[Site "Cochabamba BOL"]
[Date "2019.08.05"]
[Round "7.16"]
[White "Inaicheo Santana, Edward"]
[Black "Caballero Quijano, Mitzy Mishell"]
[Result "0-1"]
[WhiteElo "1635"]
[BlackElo "2059"]
[EventDate "2019.08.01"]
[PlyCount "56"]

1.d4 e6 2.Nf3 f5 3.Nc3 Nf6 4.Bg5 Bb4 5.e3 O-O 6.Bd3 h6 7.Bh4 d6 8.O-O Bxc3
9.bxc3 Qe8 10.Bxf6 gxf6 11.e4 fxe4 12.Bxe4 f5 13.Bd3 Nd7 14.Re1 Qf7 15.Nd2
Nf6 16.Qf3 Kh8 17.Qh3 Qg7 18.f4 Nd5 19.Qh4 Nxc3 20.Re3 Nd5 21.Rae1 Nxe3 
22.Rxe3 Bd7 23.c3 Rf6 24.Rh3 Rg6 25.g3 Bc6 26.Be2 Kh7 27.Kf2 Rg4 28.Qh5 
Be8 0-1

[Event "44th Pan-American U20"]
[Site "Cochabamba BOL"]
[Date "2019.08.05"]
[Round "7.17"]
[White "Santiago Vilca, Lito Gustavo"]
[Black "Aguilar, Luis Miguel"]
[Result "0-1"]
[WhiteElo "1818"]
[BlackElo "2204"]
[EventDate "2019.08.01"]
[PlyCount "52"]

1.d4 d6 2.g3 Nd7 3.Bg2 e5 4.d5 Ngf6 5.c4 g6 6.Nc3 Bg7 7.e4 O-O 8.Nge2 a5 
9.O-O Nh5 10.Be3 f5 11.exf5 gxf5 12.f4 Qe7 13.Qd2 e4 14.Nd4 Nc5 15.b3 Nf6 
16.h3 h5 17.Kh2 h4 18.gxh4 Nh5 19.Rg1 Qxh4 20.Bf1 Nf6 21.Bf2 Qh8 22.Rg5 
Ng4+ 23.Kg2 Nxf2 24.Qxf2 Kf7 25.Nce2 Bf6 26.Rg3 Bh4 0-1

[Event "44th Pan-American U20"]
[Site "Cochabamba BOL"]
[Date "2019.08.05"]
[Round "7.18"]
[White "Torrico, Alexis"]
[Black "Ticona Rocabado, Licael Roderick"]
[Result "1-0"]
[WhiteElo "1847"]
[BlackElo "1693"]
[EventDate "2019.08.01"]
[PlyCount "71"]

1.d4 Nf6 2.c4 g6 3.Nc3 Bg7 4.e4 d6 5.f4 O-O 6.Nf3 c5 7.d5 e6 8.dxe6 fxe6 
9.Bd3 Nc6 10.O-O a6 11.Ng5 h6 12.Nf3 e5 13.Nh4 Ne7 14.fxe5 dxe5 15.Nd5 
Nfxd5 16.exd5 g5 17.Ng6 Nxg6 18.Bxg6 Qd6 19.Rxf8+ Bxf8 20.Qh5 Bd7 21.Bxg5 
Bg4 22.Bf7+ Kg7 23.Qxg4 hxg5 24.Rf1 Be7 25.Be6 Bf6 26.Rxf6 Kxf6 27.Qf5+ 
Ke7 28.Qxg5+ Ke8 29.Qg6+ Ke7 30.Qf7+ Kd8 31.Qg8+ Ke7 32.Qxa8 Qb6 33.Qg8 e4
34.Qg7+ Kd6 35.Qg3+ Ke7 36.Qe5 1-0

[Event "44th Pan-American U20"]
[Site "Cochabamba BOL"]
[Date "2019.08.05"]
[Round "7.19"]
[White "Tapia Espada, Antonio Enrique"]
[Black "Davila Blanco, Juan Jose"]
[Result "1-0"]
[WhiteElo "1506"]
[BlackElo "2052"]
[EventDate "2019.08.01"]
[PlyCount "52"]

1.d4 Nf6 2.c4 c5 3.d5 b5 4.cxb5 a6 5.e3 g6 6.Nc3 Bg7 7.Nf3 O-O 8.e4 axb5 
9.e5 Ng4 10.Bxb5 Nxe5 11.O-O Nxf3+ 12.Qxf3 d6 13.Re1 Bd7 14.a4 Bxc3 15.
Qxc3 Bxb5 16.Bh6 f6 17.Bxf8 Kxf8 18.axb5 Nd7 19.Rxa8 Qxa8 20.Qh3 Qa5 21.
Qe3 Qd8 22.Ra1 Ne5 23.Qa3 Nc4 24.Qa8 Qxa8 25.Rxa8+ Kf7 26.b3 Na3 1-0

[Event "44th Pan-American U20"]
[Site "Cochabamba BOL"]
[Date "2019.08.05"]
[Round "7.20"]
[White "Villazon Zeballos, Manuel"]
[Black "Ccerhuayo Escobedo, Mels Leopold"]
[Result "0-1"]
[WhiteElo "1378"]
[BlackElo "1820"]
[EventDate "2019.08.01"]
[PlyCount "53"]

1.d4 Nf6 2.Nf3 e6 3.e3 d5 4.Bd3 b6 5.O-O Bb7 6.Nbd2 Bd6 7.Qe2 O-O 8.c3 Ne4
9.c4 f5 10.Ne5 Bxe5 11.dxe5 Nc5 12.f4 Nxd3 13.Qxd3 dxc4 14.Qxc4 Qd5 15.
Qxd5 Bxd5 16.b3 a5 17.Ba3 c5 18.Rfd1 Nc6 19.Nc4 Rfb8 20.Nd6 a4 21.Nc4 Ra6 
22.Bb2 b5 23.Nd2 a3 24.Bc1 Nb4 25.Nf1 Nxa2 26.Nd2 Nc3 27.Re1 0-1

[Event "44th Pan-American U20"]
[Site "Cochabamba BOL"]
[Date "2019.08.05"]
[Round "7.21"]
[White "Barja Viveros, Matias Ariel"]
[Black "Teran Medina, Marcelo"]
[Result "1-0"]
[WhiteElo "1544"]
[BlackElo "1506"]
[EventDate "2019.08.01"]
[PlyCount "57"]

1.d4 Nf6 2.c4 c5 3.d5 b5 4.a4 Qa5+ 5.Bd2 b4 6.f3 g6 7.e4 d6 8.Qc1 h5 9.Bd3
Bg7 10.h3 Nbd7 11.f4 Nb6 12.Nf3 Ba6 13.O-O O-O-O 14.Na3 Na8 15.Nb5 Bxb5 
16.axb5 Qb6 17.Ra6 Qb7 18.e5 Ne8 19.Ng5 Nac7 20.Rc6 Rf8 21.e6 fxe6 22.Nxe6
Rf6 23.Nxd8 Kxd8 24.f5 a6 25.b6 Na8 26.Qa1 gxf5 27.Rxf5 e6 28.Rxf6 Nxf6 
29.Rxd6+ 1-0

[Event "44th Pan-American U20"]
[Site "Cochabamba BOL"]
[Date "2019.08.05"]
[Round "7.22"]
[White "Moreno, Alejandro"]
[Black "Araujo, Amilcar"]
[Result "0-1"]
[WhiteElo "1477"]
[BlackElo "1530"]
[EventDate "2019.08.01"]
[PlyCount "92"]

1.d4 Nf6 2.Nf3 g6 3.g3 Bg7 4.Bg2 d6 5.O-O O-O 6.c4 c6 7.Nc3 Bg4 8.h3 Bxf3 
9.Bxf3 Nbd7 10.e3 Re8 11.Re1 e5 12.d5 cxd5 13.Bxd5 Nxd5 14.Qxd5 Qb8 15.Ne4
Nb6 16.Qxd6 Nxc4 17.Qd5 Nb6 18.Qb3 h6 19.Rd1 Qc7 20.Bd2 Qc4 21.Qxc4 Nxc4 
22.Bc3 Rad8 23.b3 Nb6 24.Nd6 Re7 25.Nb5 Rxd1+ 26.Rxd1 a6 27.Rd8+ Kh7 28.
Nd6 Nd5 29.Bb2 Nb4 30.a4 Nc6 31.Rc8 Rd7 32.Ba3 f5 33.Bc5 e4 34.Nxb7 Nd4 
35.Nd6 Nf3+ 36.Kg2 Be5 37.Rc6 Ne1+ 38.Kf1 Nf3 39.Bb4 Bxd6 40.Bxd6 a5 41.b4
axb4 42.Bxb4 Rb7 43.Rc4 Ne5 44.Rd4 Nc6 45.Rd5 Nxb4 46.Rd6 Ra7 0-1

[Event "44th Pan-American U20"]
[Site "Cochabamba BOL"]
[Date "2019.08.05"]
[Round "7.23"]
[White "Montevilla Cahuasa, Jonathan I"]
[Black "Bracamonte, Humberto"]
[Result "1/2-1/2"]
[WhiteElo "1231"]
[BlackElo "1516"]
[EventDate "2019.08.01"]
[PlyCount "52"]

1.d4 Nf6 2.Nf3 e6 3.c4 Bb4+ 4.Bd2 Qe7 5.a3 Bxd2+ 6.Nbxd2 d6 7.e4 e5 8.dxe5
dxe5 9.Be2 O-O 10.O-O Nc6 11.Qc2 b6 12.b4 Bb7 13.Bd3 Rad8 14.Qc3 Nd4 15.
Rfe1 Qd6 16.Rad1 c5 17.bxc5 Qxc5 18.Qb4 Qxb4 19.axb4 Rfe8 20.Nxd4 Rxd4 21.
Nb3 Rdd8 22.f3 Re7 23.Bc2 Red7 24.Rxd7 Rxd7 25.Rd1 Kf8 26.Rxd7 Nxd7 
1/2-1/2

[Event "44th Pan-American U20"]
[Site "Cochabamba BOL"]
[Date "2019.08.05"]
[Round "7.24"]
[White "Araujo Miranda, Styven Sandro"]
[Black "Montevilla C., Elias Alejandro"]
[Result "0-1"]
[WhiteElo "1347"]
[BlackElo "1326"]
[EventDate "2019.08.01"]
[PlyCount "70"]

1.d4 Nf6 2.Bg5 d5 3.e3 e6 4.Nd2 h6 5.Bh4 Be7 6.Bxf6 Bxf6 7.c4 O-O 8.Ngf3 
c5 9.Nb3 cxd4 10.Nfxd4 Nc6 11.Rb1 e5 12.Nxc6 bxc6 13.Be2 Bf5 14.Rc1 d4 15.
exd4 exd4 16.O-O Rc8 17.Bd3 Bxd3 18.Qxd3 c5 19.Rce1 Re8 20.Nc1 a5 21.Ne2 
Qb6 22.b3 Qb4 23.Qb1 Rcd8 24.Nf4 Rxe1 25.Rxe1 Qd2 26.Nd5 d3 27.Rd1 Qc2 28.
Qxc2 dxc2 29.Rc1 Re8 30.Kf1 Be5 31.Rxc2 Kh7 32.Re2 Re6 33.f4 Bd6 34.Rxe6 
fxe6 35.Ne3 Bxf4 0-1

[Event "44th Pan-American U20"]
[Site "Cochabamba BOL"]
[Date "2019.08.05"]
[Round "7.25"]
[White "Zambrana Estrada, Breyner Andre"]
[Black "Janco Fernandez, Marcelo Ruben"]
[Result "1-0"]
[WhiteElo "1426"]
[BlackElo "1095"]
[EventDate "2019.08.01"]
[PlyCount "29"]

1.e4 e5 2.Nf3 Nc6 3.Bb5 d6 4.d4 h6 5.Bxc6+ bxc6 6.dxe5 d5 7.exd5 cxd5 8.
O-O f6 9.Nc3 c6 10.Re1 Be7 11.Nd4 Bb7 12.Ne6 Qb6 13.Nxg7+ Kf7 14.Nf5 Bc5 
15.Qh5+ 1-0

[Event "44th Pan-American U20"]
[Site "Cochabamba BOL"]
[Date "2019.08.05"]
[Round "8.1"]
[White "Cardoso Cardoso, Jose Gabriel"]
[Black "Varacalli, Francisco"]
[Result "0-1"]
[WhiteElo "2373"]
[BlackElo "2306"]
[EventDate "2019.08.01"]
[PlyCount "90"]

1.d4 d5 2.c4 e6 3.Nc3 Nf6 4.cxd5 exd5 5.Bg5 c6 6.e3 Be7 7.Bd3 Nbd7 8.Nge2 
Nh5 9.Bxe7 Qxe7 10.g4 Nhf6 11.Ng3 Nb6 12.g5 Ng8 13.h4 g6 14.Qe2 Be6 15.
O-O-O O-O-O 16.f4 Qd7 17.Qc2 Ne7 18.a4 Kb8 19.a5 Nbc8 20.Na4 Bg4 21.Rde1 
Nd6 22.Nc5 Qc7 23.Qc3 h5 24.Rh2 Rhe8 25.Kb1 Bc8 26.Rc1 Nef5 27.Nxf5 Bxf5 
28.Bxf5 Nxf5 29.Qb4 Ka8 30.a6 b6 31.Nb7 Rc8 32.Rhc2 Qd7 33.Rc3 Rxe3 34.
Rxe3 Nxe3 35.Qd6 Qf5+ 36.Ka2 Qd3 37.Qa3 Qxa3+ 38.Kxa3 Nf5 39.Re1 Kb8 40.b4
Kc7 41.b5 Kd7 42.bxc6+ Rxc6 43.Re5 Ne7 44.Kb3 Rc1 45.f5 gxf5 0-1

[Event "44th Pan-American U20"]
[Site "Cochabamba BOL"]
[Date "2019.08.05"]
[Round "8.2"]
[White "Lu, Maximillian"]
[Black "Wang, Annie"]
[Result "1/2-1/2"]
[WhiteElo "2283"]
[BlackElo "2321"]
[EventDate "2019.08.01"]
[PlyCount "152"]

1.d4 Nf6 2.c4 e6 3.Nf3 d5 4.g3 dxc4 5.Bg2 a6 6.O-O Nc6 7.e3 Bd7 8.Qe2 Bd6 
9.Qxc4 O-O 10.Nc3 Qe7 11.e4 e5 12.Bg5 b5 13.Qd3 Nb4 14.Qd2 exd4 15.Qxd4 
Nc6 16.Qd2 Qe6 17.e5 Nxe5 18.Nxe5 Bxe5 19.Bxa8 Rxa8 20.Rae1 b4 21.Ne4 Bb5 
22.Bxf6 Bxf6 23.Nxf6+ Qxf6 24.Qxb4 Bxf1 25.Kxf1 h6 26.Qe4 Rb8 27.b3 Qc3 
28.Re2 Rd8 29.Rc2 Qa5 30.Kg2 c5 31.Qf5 Qe1 32.Rxc5 Qe7 33.Re5 Qa3 34.Ra5 
Qb4 35.Ra4 Qb6 36.Rf4 Qb7+ 37.Qe4 Qc7 38.Rf5 Qd7 39.Re5 Rf8 40.Re7 Qb5 41.
Re5 Qd7 42.Qd5 Qc7 43.Rf5 Qc2 44.a4 Qc3 45.Rf3 Qc7 46.Rd3 Rb8 47.Rd4 Qc3 
48.b4 Qc7 49.Rc4 Qe7 50.b5 axb5 51.axb5 Qa7 52.Rc6 Qa5 53.Rc5 Qb6 54.Qc6 
Qxc6+ 55.bxc6 Kf8 56.Kf3 Ke7 57.Ra5 Rc8 58.Ra7+ Ke6 59.Ra6 Kd5 60.Ra5+ 
Kxc6 61.Rf5 Rc7 62.Re5 Kd6 63.Re4 Rc2 64.h4 Rc7 65.h5 Re7 66.Rg4 f5 67.
Rg6+ Ke5 68.Ke3 Ra7 69.f4+ Kd5 70.Kf3 Ra3+ 71.Kg2 Ra7 72.Rb6 Ra2+ 73.Kf3 
Ra3+ 74.Kf2 Ra2+ 75.Kf3 Ra3+ 76.Kg2 Ra2+ 1/2-1/2

[Event "44th Pan-American U20"]
[Site "Cochabamba BOL"]
[Date "2019.08.05"]
[Round "8.3"]
[White "Acosta, Pablo Ismael"]
[Black "Bolanos, Fernando"]
[Result "1-0"]
[WhiteElo "2440"]
[BlackElo "2247"]
[EventDate "2019.08.01"]
[PlyCount "75"]

1.d4 Nf6 2.Nf3 g6 3.c4 Bg7 4.g3 O-O 5.Bg2 c5 6.O-O d6 7.Nc3 Nbd7 8.h3 b6 
9.Ne5 dxe5 10.dxe5 Nxe5 11.Bxa8 Bxh3 12.Bg2 Bxg2 13.Kxg2 Nxc4 14.Qa4 Qa8+ 
15.f3 Na5 16.Bf4 Nc6 17.Rad1 h6 18.Rh1 Nd4 19.Kf2 Nh5 20.Qc4 Kh7 21.Bc1 f5
22.Qd5 Qxd5 23.Nxd5 e6 24.Nf4 Nxf4 25.gxf4 Rf7 26.e3 Nb5 27.Rd8 Bf6 28.Ra8
Nd6 29.Rd1 Nc4 30.b3 Na5 31.Re8 b5 32.Rxe6 c4 33.Ra6 Nb7 34.Rxa7 c3 35.Rd5
b4 36.Rb5 Nd8 37.Rxf7+ Nxf7 38.Rxb4 1-0

[Event "44th Pan-American U20"]
[Site "Cochabamba BOL"]
[Date "2019.08.05"]
[Round "8.4"]
[White "Santiago Vilca, Christian Amilca"]
[Black "Vivas Zamora, Fabian Ernesto"]
[Result "1-0"]
[WhiteElo "2256"]
[BlackElo "2348"]
[EventDate "2019.08.01"]
[PlyCount "55"]

1.d4 Nf6 2.c4 g6 3.Nc3 d5 4.cxd5 Nxd5 5.Na4 Bg7 6.e4 Nb6 7.Be3 O-O 8.Nf3 
Bg4 9.Nc5 Nc6 10.Nxb7 Qb8 11.Ba6 Nb4 12.Nc5 Bxf3 13.gxf3 Rd8 14.Qb3 Nxa6 
15.Nxa6 Qc8 16.Nb4 Qh3 17.Ke2 a5 18.Nc6 Rd6 19.Rhc1 a4 20.Qb5 Rf6 21.Na5 
Qh5 22.Rc5 Qh3 23.Rxc7 Rb8 24.Rxe7 Bf8 25.Re8 Rb7 26.Qc5 Nd7 27.Nxb7 Qxf3+
28.Kd2 1-0

[Event "44th Pan-American U20"]
[Site "Cochabamba BOL"]
[Date "2019.08.05"]
[Round "8.5"]
[White "Benitez Galeano, Alejandro"]
[Black "Coro, Lucas"]
[Result "0-1"]
[WhiteElo "2111"]
[BlackElo "2320"]
[EventDate "2019.08.01"]
[PlyCount "82"]

1.Nf3 Nf6 2.c4 g6 3.g3 Bg7 4.Bg2 O-O 5.O-O d6 6.Nc3 e5 7.d3 Nc6 8.Rb1 a5 
9.a3 h6 10.b4 axb4 11.axb4 Be6 12.b5 Ne7 13.Qb3 Qd7 14.Nd2 Rab8 15.Ba3 g5 
16.Ra1 b6 17.Nd5 Nfxd5 18.cxd5 Bh3 19.e4 Bxg2 20.Kxg2 f5 21.Bb2 f4 22.Ra7 
Rf7 23.f3 g4 24.Qa4 Kh7 25.fxg4 Ng6 26.h3 Rbf8 27.Qc4 Qe7 28.Raa1 fxg3 29.
Rf5 Nh4+ 30.Kxg3 Nxf5+ 31.exf5 Rxf5 32.gxf5 Qg5+ 33.Qg4 Qxd2 34.Qg6+ Kh8 
35.Ra7 Qxd3+ 36.Kg4 Qe4+ 37.Kg3 Qf4+ 38.Kg2 Qd2+ 39.Kf3 e4+ 40.Kxe4 Qxb2 
41.Rxc7 Qe2+ 0-1

[Event "44th Pan-American U20"]
[Site "Cochabamba BOL"]
[Date "2019.08.05"]
[Round "8.6"]
[White "Donoso Diaz, Sebastian"]
[Black "Huang, Andy"]
[Result "1/2-1/2"]
[WhiteElo "2309"]
[BlackElo "2263"]
[EventDate "2019.08.01"]
[PlyCount "97"]

1.Nf3 d5 2.e3 Nf6 3.c4 c6 4.b3 Bf5 5.Be2 h6 6.Bb2 e6 7.O-O Nbd7 8.Ne5 Nxe5
9.Bxe5 Bd6 10.Bxd6 Qxd6 11.d4 O-O 12.Nd2 a5 13.Nf3 Ne4 14.c5 Qc7 15.Bd3 b6
16.Bxe4 Bxe4 17.cxb6 Qxb6 18.Ne5 Rfc8 19.Nd7 Qc7 20.Nc5 e5 21.dxe5 Qxe5 
22.Qd4 Qxd4 23.exd4 Bf5 24.Rfe1 Kf8 25.f3 h5 26.Rac1 g6 27.Kf2 Rab8 28.
Red1 Ke7 29.Ke3 Kd6 30.Kd2 h4 31.g3 Re8 32.g4 Bd7 33.Re1 g5 34.Rxe8 Rxe8 
35.Nb7+ Kc7 36.Nxa5 f5 37.gxf5 Rf8 38.b4 Kb6 39.a4 Rxf5 40.Ke3 Be8 41.Nb3 
Bh5 42.Nd2 Rf6 43.Rg1 Rf5 44.h3 Be8 45.Nb3 Bh5 46.Nd2 Be8 47.Nf1 Bd7 48.
Nh2 Rf7 49.Ng4 1/2-1/2

[Event "44th Pan-American U20"]
[Site "Cochabamba BOL"]
[Date "2019.08.05"]
[Round "8.7"]
[White "Delgado Romero, Marco"]
[Black "Asaria, Danial"]
[Result "1-0"]
[WhiteElo "2236"]
[BlackElo "2305"]
[EventDate "2019.08.01"]
[PlyCount "99"]

1.Nf3 c5 2.c4 Nc6 3.Nc3 e5 4.e3 Nf6 5.d4 e4 6.Ne5 h5 7.Be2 Qc7 8.Rb1 a6 9.
f4 cxd4 10.exd4 Bb4 11.Be3 d6 12.Nxc6 bxc6 13.O-O Bxc3 14.bxc3 Bf5 15.Qa4 
O-O 16.h3 g6 17.Rb3 Qc8 18.Kh2 Kg7 19.Rb6 Bd7 20.Qa3 Qc7 21.Rfb1 Ra7 22.
Kg1 a5 23.d5 c5 24.Rxd6 Qxd6 25.Bxc5 Qxf4 26.Bxf8+ Kg8 27.Bc5 Bxh3 28.Qb2 
Rc7 29.Bd4 Qg5 30.Bf1 Nd7 31.Kh1 Bf5 32.Qf2 Rc8 33.Rb7 Re8 34.Qe3 Qh4+ 35.
Kg1 Ne5 36.Bxe5 Rxe5 37.d6 Re8 38.c5 Qf6 39.Qd4 Qg5 40.d7 Bxd7 41.Rxd7 e3 
42.Bc4 Rf8 43.Rd5 Qg3 44.Re5 Rb8 45.Rxe3 Qg5 46.Rf3 Rb7 47.c6 Rc7 48.Bd5 
h4 49.c4 a4 50.Qf4 1-0

[Event "44th Pan-American U20"]
[Site "Cochabamba BOL"]
[Date "2019.08.05"]
[Round "8.8"]
[White "Munoz, Francisco Javier"]
[Black "Tello Chavez, Isaac Valent"]
[Result "1-0"]
[WhiteElo "2282"]
[BlackElo "2271"]
[EventDate "2019.08.01"]
[PlyCount "65"]

1.e4 c6 2.c4 d5 3.exd5 cxd5 4.cxd5 Qxd5 5.Nc3 Qd8 6.Nf3 Nf6 7.d4 e6 8.a3 
Be7 9.Bd3 Nc6 10.O-O O-O 11.Re1 b6 12.Bg5 Bb7 13.Bc2 Rc8 14.Qd3 g6 15.Bh6 
Re8 16.Rad1 Nd5 17.h4 Nxc3 18.bxc3 Bxa3 19.h5 Ne7 20.Bg5 Qc7 21.hxg6 hxg6 
22.c4 Bd6 23.Ne5 Nf5 24.Ba4 Red8 25.Bxd8 Rxd8 26.Qc3 Rc8 27.Bb3 Qe7 28.c5 
bxc5 29.Nxf7 Kxf7 30.Bxe6+ Qxe6 31.Rxe6 Kxe6 32.Qb3+ Bd5 33.Re1+ 1-0

[Event "44th Pan-American U20"]
[Site "Cochabamba BOL"]
[Date "2019.08.05"]
[Round "8.9"]
[White "Rengifo Blancas, Renzo Jhonathan"]
[Black "Pinto, Daniel"]
[Result "0-1"]
[WhiteElo "2194"]
[BlackElo "2257"]
[EventDate "2019.08.01"]
[PlyCount "129"]

1.e4 c5 2.c3 Nf6 3.e5 Nd5 4.d4 cxd4 5.Nf3 Nc6 6.cxd4 d6 7.Bc4 Nb6 8.Bb5 
Bd7 9.exd6 e6 10.Nc3 Bxd6 11.O-O Nb4 12.Be2 O-O 13.Ne4 Bc6 14.Nxd6 Qxd6 
15.Be3 Rac8 16.Ne5 f6 17.Nxc6 Nxc6 18.Rc1 Rfd8 19.Qb3 Kf7 20.Bf3 Rd7 21.g3
Nd5 22.a3 a6 23.Kg2 g6 24.Rfd1 Rcd8 25.h4 Nce7 26.Bd2 b6 27.h5 g5 28.Be4 
h6 29.Re1 Rc7 30.Rcd1 Nc6 31.Bg6+ Kg7 32.Qd3 b5 33.Rc1 Re7 34.Bh7 Kh8 35.
Bg6 Nxd4 36.Ba5 Nb6 37.Kh2 Red7 38.Be4 g4 39.Qe3 Kg7 40.Red1 Nc4 41.Rxc4 
bxc4 42.Bxd8 Rxd8 43.Bg2 Qc5 44.Kg1 Qe5 45.Qxe5 fxe5 46.Re1 Kf6 47.Re4 Kf5
48.Re3 Rb8 49.Bf1 Nf3+ 50.Kg2 Nd2 51.Rc3 Rxb2 52.Be2 a5 53.Kg1 Rb3 54.Rc2 
c3 55.a4 e4 56.Kg2 Nf3 57.Rc1 c2 58.Bxf3 exf3+ 59.Kh2 Rb2 60.Re1 e5 61.Rc1
e4 62.Re1 Ke5 63.Rc1 e3 64.Re1 e2 65.Rc1 0-1

[Event "44th Pan-American U20"]
[Site "Cochabamba BOL"]
[Date "2019.08.05"]
[Round "8.10"]
[White "Johnson, Joshua"]
[Black "Flores Quillas, Diego Saul Rodri"]
[Result "1/2-1/2"]
[WhiteElo "2241"]
[BlackElo "2163"]
[EventDate "2019.08.01"]
[PlyCount "60"]

1.e4 c5 2.Nf3 e6 3.d4 cxd4 4.Nxd4 Nf6 5.Nc3 d6 6.g4 h6 7.Bg2 a6 8.h3 g5 9.
b3 Nbd7 10.Bb2 Ne5 11.Qd2 Qc7 12.O-O-O Be7 13.Kb1 b6 14.Nf3 Nfd7 15.Nxe5 
Nxe5 16.Ne2 Bb7 17.f4 gxf4 18.Nxf4 O-O-O 19.Nd3 h5 20.Qf2 Rdf8 21.Nxe5 
dxe5 22.Rd3 hxg4 23.Rhd1 gxh3 24.Bxh3 Bc6 25.a3 Kb7 26.Bf1 f6 27.b4 Rd8 
28.Qe3 Bb5 29.Rxd8 Rxd8 30.Rxd8 Qxd8 1/2-1/2

[Event "44th Pan-American U20"]
[Site "Cochabamba BOL"]
[Date "2019.08.05"]
[Round "8.11"]
[White "Caballero Quijano, Mitzy Mishell"]
[Black "Titichoca Daza, Daniel"]
[Result "1/2-1/2"]
[WhiteElo "2059"]
[BlackElo "2143"]
[EventDate "2019.08.01"]
[PlyCount "42"]

1.d4 Nf6 2.Nf3 e6 3.g3 c5 4.Bg2 cxd4 5.Nxd4 d5 6.O-O e5 7.Nb3 Be7 8.Bg5 
Nbd7 9.c4 dxc4 10.N3d2 Nb6 11.a4 a5 12.Na3 c3 13.bxc3 O-O 14.Qc2 Bd7 15.
Nb5 Bc6 16.Rad1 Bxg2 17.Kxg2 Nfd5 18.Bxe7 Qxe7 19.e4 Nf6 20.c4 Rfc8 21.Rc1
Rc6 1/2-1/2

[Event "44th Pan-American U20"]
[Site "Cochabamba BOL"]
[Date "2019.08.05"]
[Round "8.12"]
[White "Aguilar, Luis Miguel"]
[Black "Mollo, Jhoan"]
[Result "1-0"]
[WhiteElo "2204"]
[BlackElo "2023"]
[EventDate "2019.08.01"]
[PlyCount "85"]

1.g3 d5 2.Bg2 Nf6 3.c4 c6 4.cxd5 cxd5 5.Nf3 Nc6 6.O-O Bf5 7.a3 e6 8.b4 Be7
9.d3 h6 10.Nbd2 O-O 11.Nb3 Nd7 12.Bb2 Bf6 13.Qd2 a6 14.Rfc1 Rc8 15.Rab1 e5
16.a4 b5 17.axb5 axb5 18.Nc5 Nb6 19.Ra1 e4 20.Bxf6 Qxf6 21.Nh4 Nd4 22.Nxf5
Nxf5 23.dxe4 dxe4 24.Nxe4 Qe5 25.Rxc8 Rxc8 26.Rd1 Kh7 27.Nc5 g6 28.Nd7 
Nxd7 29.Qxd7 Rc7 30.Qd2 Rc4 31.e3 Qe7 32.Bd5 Rxb4 33.Bxf7 Re4 34.Bb3 Re5 
35.Qd7 Kg7 36.Qc8 Rc5 37.Qg8+ Kf6 38.Qh8+ Kg5 39.h4+ Kg4 40.Qa8 g5 41.Kg2 
Nxe3+ 42.fxe3 Qxe3 43.Be6+ 1-0

[Event "44th Pan-American U20"]
[Site "Cochabamba BOL"]
[Date "2019.08.05"]
[Round "8.13"]
[White "Vera, Pavel"]
[Black "Medrano, Sebastian"]
[Result "1-0"]
[WhiteElo "2173"]
[BlackElo "2086"]
[EventDate "2019.08.01"]
[PlyCount "70"]

1.e4 c6 2.Nc3 d5 3.Nf3 Bg4 4.h3 Bxf3 5.Qxf3 e6 6.d3 Nd7 7.Be2 d4 8.Nd1 Bd6
9.h4 Ngf6 10.c3 Qa5 11.Bd2 dxc3 12.bxc3 Rd8 13.h5 h6 14.Ne3 Ne5 15.Qh3 Be7
16.Nd1 Ned7 17.O-O O-O 18.Be3 c5 19.Qg3 Kh8 20.Bf4 Rc8 21.c4 Qd8 22.Nc3 
Nb8 23.Rab1 b6 24.e5 Nh7 25.Rfd1 Nc6 26.Bf3 Nd4 27.Be4 Bg5 28.Be3 f5 29.
exf6 Qxf6 30.Bxh7 Bxe3 31.fxe3 Kxh7 32.Qg6+ Kg8 33.Qxf6 gxf6 34.exd4 cxd4 
35.Nb5 e5 1-0

[Event "44th Pan-American U20"]
[Site "Cochabamba BOL"]
[Date "2019.08.05"]
[Round "8.14"]
[White "Zhang, Derek"]
[Black "Torrico, Alexis"]
[Result "1-0"]
[WhiteElo "2147"]
[BlackElo "1847"]
[EventDate "2019.08.01"]
[PlyCount "66"]

1.Nf3 c5 2.c4 g6 3.e3 Bg7 4.d4 Nf6 5.dxc5 Na6 6.Be2 O-O 7.O-O Nxc5 8.b4 
Na6 9.a3 d5 10.c5 Ne4 11.Nd4 Nc7 12.Bb2 a5 13.f3 Ng5 14.Nd2 e5 15.N4b3 
axb4 16.axb4 Bd7 17.Rxa8 Qxa8 18.f4 exf4 19.Bxg7 Kxg7 20.exf4 Nge6 21.f5 
Nd8 22.Qe1 f6 23.Qg3 Qb8 24.fxg6 hxg6 25.Bd3 g5 26.Qd6 Rf7 27.b5 Nde6 28.
b6 Na6 29.Bxa6 Qxd6 30.cxd6 bxa6 31.b7 Rf8 32.Rf2 Rb8 33.Na5 Kf7 1-0

[Event "44th Pan-American U20"]
[Site "Cochabamba BOL"]
[Date "2019.08.05"]
[Round "8.15"]
[White "Huanca, Edson"]
[Black "Mendoza Criollo, Carlos David"]
[Result "1/2-1/2"]
[WhiteElo "1948"]
[BlackElo "2103"]
[EventDate "2019.08.01"]
[PlyCount "67"]

1.e4 c5 2.Nc3 Nc6 3.Nge2 g6 4.g3 Bg7 5.Bg2 e6 6.O-O Nge7 7.d3 O-O 8.Be3 b6
9.Qd2 d5 10.exd5 Nxd5 11.Nxd5 exd5 12.Bh6 Bb7 13.Bxg7 Kxg7 14.d4 c4 15.Nf4
Ne7 16.Rfe1 Ng8 17.Re5 Nf6 18.Rae1 Bc6 19.Re7 Kg8 20.R1e5 Qd6 21.Qe1 a5 
22.Bf3 b5 23.c3 b4 24.h4 bxc3 25.bxc3 a4 26.h5 Nd7 27.Re2 g5 28.Nh3 h6 29.
Qc1 Nf6 30.R7e5 Rae8 31.Rxg5+ hxg5 32.Qxg5+ Kh8 33.Qh6+ Kg8 34.Qg5+ 
1/2-1/2

[Event "44th Pan-American U20"]
[Site "Cochabamba BOL"]
[Date "2019.08.05"]
[Round "8.16"]
[White "Guerrero Cataldo, Juan Andres"]
[Black "Inaicheo Santana, Edward"]
[Result "1-0"]
[WhiteElo "2035"]
[BlackElo "1635"]
[EventDate "2019.08.01"]
[PlyCount "82"]

1.d4 Nf6 2.Nf3 e6 3.g3 b6 4.Bg2 Bb7 5.O-O Be7 6.c4 d5 7.Nc3 Nbd7 8.Ne5 O-O
9.Qa4 Nxe5 10.dxe5 Nd7 11.cxd5 exd5 12.Nxd5 Nc5 13.Qd1 a5 14.Be3 Rb8 15.
Rc1 Ne6 16.Qb3 Bxd5 17.Bxd5 Nc5 18.Qd1 Qc8 19.Qc2 Qg4 20.Rfd1 h5 21.Rd4 
Qh3 22.Bg2 Qe6 23.Qc4 Qg6 24.h4 Rbd8 25.Rxd8 Rxd8 26.Bd5 Qf5 27.Bf3 Qxe5 
28.Bf4 Qxb2 29.Bxh5 Ne6 30.Rc3 Rd4 31.Qc6 Qb1+ 32.Bc1 Qe4 33.Qe8+ Kh7 34.
e3 Bb4 35.Rc6 Rd8 36.Rxe6 Rxe8 37.Rxe4 Rxe4 38.Bxf7 Bd6 39.Bb3 a4 40.Bc2 
c5 41.Bxe4+ Kh6 1-0

[Event "44th Pan-American U20"]
[Site "Cochabamba BOL"]
[Date "2019.08.05"]
[Round "8.17"]
[White "Castellanos Villela, Alejandro"]
[Black "Barja Viveros, Matias Ariel"]
[Result "1-0"]
[WhiteElo "1985"]
[BlackElo "1544"]
[EventDate "2019.08.01"]
[PlyCount "65"]

1.Nf3 d5 2.g3 c5 3.Bg2 Nf6 4.O-O Bf5 5.c4 e6 6.cxd5 exd5 7.d4 Nc6 8.Nc3 
Be7 9.Bg5 cxd4 10.Nxd4 Be6 11.Rc1 O-O 12.Nxe6 fxe6 13.Bh3 Kf7 14.Bxf6 Bxf6
15.e4 d4 16.Qh5+ Ke7 17.Nb5 Qb6 18.Na3 Rac8 19.Nc4 Qc7 20.Qc5+ Kf7 21.Nd6+
Kg6 22.Nxc8 Qxc8 23.f4 Be7 24.Qc4 Kf6 25.e5+ Kg6 26.Bxe6 Qe8 27.Qe2 h5 28.
f5+ Kh6 29.Rcd1 Bg5 30.Rf3 g6 31.h4 Be3+ 32.Rxe3 dxe3 33.Qxe3+ 1-0

[Event "44th Pan-American U20"]
[Site "Cochabamba BOL"]
[Date "2019.08.05"]
[Round "8.18"]
[White "Ccerhuayo Escobedo, Mels Leopold"]
[Black "Araujo, Amilcar"]
[Result "1-0"]
[WhiteElo "1820"]
[BlackElo "1530"]
[EventDate "2019.08.01"]
[PlyCount "73"]

1.d4 Nf6 2.c4 g6 3.f3 d6 4.e4 Bg7 5.Nc3 c5 6.d5 Nbd7 7.Nge2 Qb6 8.Qc2 a6 
9.Ng3 h5 10.Be2 h4 11.Nf1 Nh5 12.f4 Ndf6 13.Bd3 h3 14.g3 Ng4 15.Ne3 Nxe3 
16.Bxe3 Nf6 17.Bd2 Ng4 18.Nd1 Bd4 19.Bc3 Bxc3+ 20.bxc3 e5 21.dxe6 Bxe6 22.
Qe2 Qc6 23.O-O O-O-O 24.f5 gxf5 25.exf5 Qg2+ 26.Qxg2 hxg2 27.Rf4 Ne5 28.
fxe6 Nxd3 29.Rxf7 Rde8 30.Rf6 Ne5 31.Ne3 Rh3 32.Kxg2 Reh8 33.Rh1 R8h6 34.
Nd5 Nxc4 35.e7 Ne3+ 36.Kg1 Kd7 37.Rf8 1-0